000 00565nam a2200181Ia 4500
008 100920s9999 xx 000 0 und d
082 _b100536
_a891.43 न 08
100 _aसिंह तेजपाल.
245 _aपुस्तैनी पीडा.
260 _bसंगीता ,दिल्ली.
_c2008
300 _a96
_bसाधी
365 _b4190
520 _aहिंदी.
630 _aपुस्तैनी पीडा.
650 _aहिंदी.
730 _aपुस्तैनी पीडा.
942 _cBOOK
999 _c740974
_d740971